Normal view
MARC view
- Dickerson Jane
Entry Personal Name
001 - CONTROL NUMBER
- control field: 216516
003 - CONTROL NUMBER IDENTIFIER
- control field: OSt
005 - DATE AND TIME OF LATEST TRANSACTION
- control field: 20260128134023.0
008 - FIXED-LENGTH DATA ELEMENTS
- fixed length control field: 260128|| aca||aabn | a|a d
040 ## - CATALOGING SOURCE
- Original cataloging agency: OSt
- Transcribing agency: OSt
100 ## - HEADING--PERSONAL NAME
- Personal name: Dickerson Jane
670 ## - SOURCE DATA FOUND
- Source citation: Work cat.: (OSt)370218: Peck Denise 216514, Wire + Metal: 30 Easy Metalsmithing Designs, 2014